00769nam a2200241Ia 4500001000600000003000900006008004100015040001300056040001300069041001300082100002100095100002900116245005300145245006000198250001100258260001000269260000900279260004900288300005700337500008800394650001400482650003100496C5263IT-RoPAU130308s9999 xx 000 0 und d aIT-RoPAU cIT-RoPAU aFRANCESE aRastier Francois gCodice Aut. SPICS: 12934 aConditions semantiques de l'interpretation (Les) bTemps de la Lecture (Le)-Exegese biblique et Semiotique a1a ed. aPARIS bCerf c1993 [1° Ed.:1993 - Ed.Ling.Originale:1993] a"10 p. (prefazione: no ; testo: 10 [pagine: 65-74])" aCondizioni Semantiche dell'Interpretazione. Semiotica e Semantica. Circolivirtuosi. aSEMANTICA eCodice materia Spics: 3301